00702cam a2200181 a 450000100100000000500170001000800410002702000150006804000180008308200190010110000250012024500970014526000960024230000210033850400410035965000610040065000590046100000279620200929150245.0990623s1999 ec b 001 0 spa  a9978621261 aDO-SdBNPcDLC a821.134bI938m1 aIvanovici, Víctor.13aEl mundo de la nueva narrativa hispanoamericana :buna introducción /cVíctor Ivanovici. aQuito, Ecuador :bCasa de la Cultura Ecuatoriana "Benjamín Carrión Ecuatoriana",c1999. a295 p. ;c21 cm. aIncluye referencias bibliográficas 4aNovela hispanoamericanaySIGLO XXIxHistoria y crítica 4aEspañol de américaySIGLO XXxHistoria y crítica